Estadísticas para Elementos más adivinados en JetPunk

Haz click aquí para tomar la prueba!

Estadísticas generales

  • Esta prueba ha sido tomada 941 veces
  • La puntuación promedio es 15 de 21

Estadísticas de respuestas

% AdivinadoElemento% Correcto
93%Oxígeno
96%
95%Hidrógeno
95%
91%Oro
94%
88%Plata
91%
85%Helio
81%
81%Nitrógeno
79%
82%Carbono
78%
81%Potasio
75%
81%Sodio
74%
78%Hierro
73%
77%Cobre
70%
72%Calcio
66%
78%Magnesio
66%
77%Litio
64%
68%Neón
63%
69%Cloro
61%
67%Azufre
55%
67%Flúor
54%
67%Fósforo
53%
67%Boro
51%
67%Manganeso
41%

Distribución de puntuación

Porcentaje por número respondido

Porcentaje de gente con cada puntuación

Historial de tus puntuaciones

No has tomado esta prueba